Measuring up : (Record no. 7163)
[ view plain ]
| 000 -LEADER | |
|---|---|
| fixed length control field | 00760nam a22002057a 4500 |
| 008 - FIXED-LENGTH DATA ELEMENTS--GENERAL INFORMATION | |
| fixed length control field | 170807b xxu||||| |||| 00| 0 eng d |
| 020 ## - INTERNATIONAL STANDARD BOOK NUMBER | |
| International Standard Book Number | 0-7879-0055-9 (alk. paper) |
| 082 ## - DEWEY DECIMAL CLASSIFICATION NUMBER | |
| Edition number | 1995 |
| Classification number | DC 371.264 |
| Item number | R74 |
| 100 ## - MAIN ENTRY--PERSONAL NAME | |
| 9 (RLIN) | 21646 |
| Personal name | Rothman, Robert, 1959- |
| 245 ## - TITLE STATEMENT | |
| Title | Measuring up : |
| Remainder of title | standards, assessment, and school reform / |
| Statement of responsibility, etc. | Robert Rothman. |
| 250 ## - EDITION STATEMENT | |
| Edition statement | 1st edition |
| 260 ## - PUBLICATION, DISTRIBUTION, ETC. (IMPRINT) | |
| Place of publication, distribution, etc. | San Francisco : |
| Name of publisher, distributor, etc. | Jossey-Bass, |
| Date of publication, distribution, etc. | c1995. |
| 300 ## - PHYSICAL DESCRIPTION | |
| Extent | xix, 209 pages ; |
| Dimensions | 24 cm. |
| 440 ## - SERIES STATEMENT/ADDED ENTRY--TITLE | |
| 9 (RLIN) | 21647 |
| Title | Jossey-Bass education series. |
| 500 ## - GENERAL NOTE | |
| General note | Includes bibliographical references and index. |
| 650 #0 - SUBJECT ADDED ENTRY--TOPICAL TERM | |
| 9 (RLIN) | 21648 |
| Topical term or geographic name as entry element | Achievement tests -- United States -- Evaluation. |
| 650 #0 - SUBJECT ADDED ENTRY--TOPICAL TERM | |
| 9 (RLIN) | 21649 |
| Topical term or geographic name as entry element | Educational evaluation -- United States. |
| 365 ## - TRADE PRICE | |
| Price amount | 1,350.00 |
| Currency code | Php |
| 942 ## - ADDED ENTRY ELEMENTS (KOHA) | |
| Source of classification or shelving scheme | Dewey Decimal Classification |
| Koha item type | Circulation |
| Withdrawn status | Lost status | Source of classification or shelving scheme | Damaged status | Not for loan | Collection code | Home library | Current library | Date acquired | Source of acquisition | Total Checkouts | Full call number | Barcode | Date last seen | Copy number | Price effective from | Koha item type |
|---|---|---|---|---|---|---|---|---|---|---|---|---|---|---|---|---|
| Dewey Decimal Classification | Circulation | UM Digos College - LIC | UM Digos College - LIC | 04/04/2000 | Purchased | DC 371.264 R74 1995 | 14108 | 05/15/2025 | 1 | 08/07/2017 | Circulation |
